[Event "Montreal Mercredi 10"]
[Site "Montreal CAN"]
[Date "2017.10.18"]
[Round "2"]
[White "Jacquet, Stephane"]
[Black "Langlois-Remillard, Alexis"]
[Result "0-1"]
[WhiteElo "1987"]
[BlackElo "1974"]
[WhiteFideId "-1"]
[WhiteFideId "-1"]
[PlyCount "102"]
[GameId "2160767908317533"]
[EventDate "2017.10.11"]
[EventType "swiss"]
[EventRounds "5"]
[EventCountry "CAN"]
[SourceTitle "EXT 2022"]
[Source "ChessBase"]
[SourceDate "2021.10.06"]
[SourceVersion "1"]
[SourceVersionDate "2021.10.06"]
[SourceQuality "1"]

1. d4 d5 2. c4 Nc6 3. Nf3 Bg4 4. e3 e5 5. dxe5 d4 6. exd4 Bxf3 7. Qxf3 Qxd4 8. Be2 Qxe5 9. Nc3 Bb4 10. O-O O-O-O 11. Bf4 Qe6 12. Rfd1 Nd4 13. Rxd4 Rxd4 14. Nd5 Bd6 15. Be3 Rh4 16. g3 Qh3 17. Qh1 c6 18. gxh4 cxd5 19. cxd5 Nf6 20. Rc1+ Kb8 21. Rc3 Qxh4 22. Qg2 Qe4 23. Bf3 Qb1+ 24. Rc1 Qxb2 25. Kh1 Re8 26. Rd1 Qe5 27. Bd4 Qf4 28. Qg3 Ne4 29. Qxf4 Bxf4 30. Bxe4 Rxe4 31. Bxg7 Bd6 32. Rd4 Re2 33. Kg2 Rxa2 34. Rh4 Rd2 35. Rxh7 Rxd5 36. Bf6 Rf5 37. Rxf7 b5 38. h4 b4 39. Be7 Rxf7 40. Bxd6+ Kc8 41. Bxb4 Rf4 42. Be7 Kd7 43. Kg3 Rc4 44. Bf6 Ke6 45. Bg7 a5 46. h5 Kf7 47. h6 a4 48. Kf3 a3 49. Ke3 a2 50. Kd2 Kg6 51. f4 Rxf4 0-1

[Event "Montreal Mercredi 10"]
[Site "Montreal CAN"]
[Date "2017.10.18"]
[Round "2"]
[White "Jean, Robert"]
[Black "Gauthier, Luc"]
[Result "1/2-1/2"]
[WhiteElo "1751"]
[BlackElo "1682"]
[WhiteFideId "-1"]
[WhiteFideId "-1"]
[PlyCount "79"]
[GameId "2160767908317534"]
[EventDate "2017.10.11"]
[EventType "swiss"]
[EventRounds "5"]
[EventCountry "CAN"]
[SourceTitle "EXT 2022"]
[Source "ChessBase"]
[SourceDate "2021.10.06"]
[SourceVersion "1"]
[SourceVersionDate "2021.10.06"]
[SourceQuality "1"]

1. d4 d5 2. c4 Nc6 3. e3 e5 4. dxe5 d4 5. f4 Bb4+ 6. Bd2 dxe3 7. Bxb4 Qxd1+ 8. Kxd1 Nxb4 9. a3 Bg4+ 10. Nf3 O-O-O+ 11. Kc1 Bxf3 12. gxf3 Nc6 13. b4 Nd4 14. Kb2 Ne7 15. Nc3 Nxf3 16. Bh3+ Kb8 17. Rad1 Rd2+ 18. Rxd2 Nxd2 19. c5 Rd8 20. Bg4 Ng6 21. Ne2 Nxf4 22. Nxf4 Rd4 23. e6 Rxf4 24. exf7 Rxf7 25. Kc3 Ne4+ 26. Kd4 Nf2 27. Rg1 Nxg4 28. Rxg4 e2 29. Re4 Kc8 30. Rxe2 Rd7+ 31. Kc4 Kd8 32. b5 c6 33. bxc6 bxc6 34. h4 Rd5 35. Rg2 g6 36. Rf2 Ke7 37. Rb2 Rd7 38. Rb8 Rd8 39. Rb7+ Rd7 40. Rb8 1/2-1/2

[Event "Montreal Mercredi 10"]
[Site "Montreal CAN"]
[Date "2017.10.18"]
[Round "2"]
[White "Nardone, Raul"]
[Black "Gates, Claude-Eric"]
[Result "1/2-1/2"]
[WhiteElo "1794"]
[BlackElo "1821"]
[WhiteFideId "-1"]
[WhiteFideId "-1"]
[PlyCount "114"]
[GameId "2160767908317536"]
[EventDate "2017.10.11"]
[EventType "swiss"]
[EventRounds "5"]
[EventCountry "CAN"]
[SourceTitle "EXT 2022"]
[Source "ChessBase"]
[SourceDate "2021.10.06"]
[SourceVersion "1"]
[SourceVersionDate "2021.10.06"]
[SourceQuality "1"]

1. Nf3 Nf6 2. c4 c5 3. Nc3 g6 4. g3 Bg7 5. Bg2 O-O 6. O-O d6 7. d3 Bd7 8. Rb1 Nc6 9. a3 a5 10. h3 Qc8 11. Kh2 Re8 12. Bg5 e5 13. Bxf6 Bxf6 14. Nd5 Qd8 15. Nd2 Bg7 16. Ne4 Be6 17. Nec3 Rb8 18. Nb5 Bxd5 19. Bxd5 Ne7 20. Bg2 Qd7 21. Nc3 Kh8 22. Nd5 f5 23. b4 Nxd5 24. Bxd5 axb4 25. axb4 e4 26. dxe4 fxe4 27. e3 b5 28. Qc2 bxc4 29. Qxc4 Qf5 30. b5 h5 31. Bc6 Be5 32. Qe2 Rf8 33. f4 exf3 34. Bxf3 Qg5 35. Rg1 h4 36. Rbf1 Bxg3+ 37. Kh1 Rbe8 38. Qb2+ Kh7 39. Bc6 Rb8 40. Qb3 Qe5 41. Qd3 Qe6 42. Bg2 c4 43. Qd5 Qxd5 44. Bxd5 Rxf1 45. Rxf1 Rxb5 46. Bxc4 Re5 47. Rf3 Rc5 48. Be6 Rc1+ 49. Kg2 Rc2+ 50. Kf1 Rc5 51. e4 Rc2 52. Rf7+ Kh6 53. Rf3 Be5 54. Rf7 g5 55. Bf5 Bg7 56. Re7 Rd2 57. e5 Rd4 1/2-1/2

[Event "Montreal Mercredi 10"]
[Site "Montreal CAN"]
[Date "2017.10.18"]
[Round "2"]
[White "O'Neill, Brendon"]
[Black "Baran, Marius"]
[Result "0-1"]
[WhiteElo "1698"]
[BlackElo "1757"]
[WhiteFideId "-1"]
[WhiteFideId "-1"]
[PlyCount "74"]
[GameId "2160767908317537"]
[EventDate "2017.10.11"]
[EventType "swiss"]
[EventRounds "5"]
[EventCountry "CAN"]
[SourceTitle "EXT 2022"]
[Source "ChessBase"]
[SourceDate "2021.10.06"]
[SourceVersion "1"]
[SourceVersionDate "2021.10.06"]
[SourceQuality "1"]

1. e4 c5 2. Nf3 d6 3. d4 cxd4 4. Nxd4 Nf6 5. Nc3 a6 6. Be3 e6 7. Qd2 Be7 8. f3 Qc7 9. O-O-O Nc6 10. Kb1 b5 11. Bxb5 axb5 12. Ndxb5 Qb8 13. Nxd6+ Bxd6 14. Qxd6 Qxd6 15. Rxd6 Bd7 16. Rhd1 Ne5 17. b3 Rb8 18. Bd4 Nc4 19. Bxf6 Nxd6 20. Be5 Rc8 21. Rxd6 f6 22. Bd4 e5 23. Bf2 Rxc3 24. Kb2 Rc6 25. Rd2 Ke7 26. c4 Rb8 27. c5 Be6 28. Kc3 Rd8 29. Rb2 Rd1 30. b4 Ra6 31. b5 Rxa2 32. Rxa2 Bxa2 33. c6 Rb1 34. b6 Kd8 35. Bc5 Bf7 36. b7 Kc7 37. Bb4 Rb3+ 0-1

[Event "Montreal Mercredi 10"]
[Site "Montreal CAN"]
[Date "2017.10.18"]
[Round "2"]
[White "Soudre, Nicolas"]
[Black "Pomerantz, Daniel"]
[Result "1-0"]
[WhiteElo "2162"]
[BlackElo "2056"]
[WhiteFideId "-1"]
[WhiteFideId "-1"]
[PlyCount "73"]
[GameId "2160767908317538"]
[EventDate "2017.10.11"]
[EventType "swiss"]
[EventRounds "5"]
[EventCountry "CAN"]
[SourceTitle "EXT 2022"]
[Source "ChessBase"]
[SourceDate "2021.10.06"]
[SourceVersion "1"]
[SourceVersionDate "2021.10.06"]
[SourceQuality "1"]

1. e4 c5 2. Nc3 Nc6 3. f4 g6 4. Nf3 Bg7 5. Bb5 Nd4 6. Bd3 e6 7. Nxd4 cxd4 8. Nb5 d6 9. c3 dxc3 10. bxc3 Ne7 11. Ba3 d5 12. Nd6+ Kf8 13. e5 Kg8 14. Rb1 b6 15. O-O Bd7 16. Bc2 Nc8 17. Nb5 Bxb5 18. Rxb5 Bf8 19. Bc1 Ne7 20. g4 Nc6 21. d4 Rc8 22. f5 exf5 23. gxf5 Ne7 24. Qf3 Qe8 25. a4 gxf5 26. Qg3+ Bg7 27. Bxf5 Rc6 28. Bb1 a6 29. Rb2 Ng6 30. Rbf2 Rc7 31. h4 Qxa4 32. h5 Qb3 33. Bd2 Re7 34. hxg6 hxg6 35. Bxg6 fxg6 36. Qxg6 Rh3 37. Rf8# 1-0

[Event "Montreal Mercredi 10"]
[Site "Montreal CAN"]
[Date "2017.10.18"]
[Round "2"]
[White "Zheng, Richard"]
[Black "Saha, Ananda"]
[Result "0-1"]
[WhiteElo "2115"]
[BlackElo "2133"]
[WhiteFideId "-1"]
[WhiteFideId "-1"]
[PlyCount "146"]
[GameId "2160767908317539"]
[EventDate "2017.10.11"]
[EventType "swiss"]
[EventRounds "5"]
[EventCountry "CAN"]
[SourceTitle "EXT 2022"]
[Source "ChessBase"]
[SourceDate "2021.10.06"]
[SourceVersion "1"]
[SourceVersionDate "2021.10.06"]
[SourceQuality "1"]

1. e4 c5 2. c4 d6 3. Nc3 Nf6 4. g3 Nc6 5. Bg2 g6 6. Nge2 Bg7 7. d3 O-O 8. O-O Bd7 9. h3 Rb8 10. Be3 a6 11. a4 Ne8 12. d4 cxd4 13. Nxd4 Nc7 14. Rc1 Ne6 15. Nce2 Ncxd4 16. Nxd4 Nxd4 17. Bxd4 Bxa4 18. Qd3 Bxd4 19. Qxd4 Qd7 20. Qc3 Rfc8 21. b3 Bc6 22. Rfd1 Qe6 23. Kh2 b5 24. Qd4 bxc4 25. bxc4 Ba4 26. Rd3 Rb4 27. Rdc3 Rc5 28. f4 Qc8 29. Bf1 Bd7 30. Re3 Be6 31. Rec3 a5 32. g4 Bd7 33. f5 Qc7 34. Kg1 Re5 35. Bg2 Qc5 36. Qxc5 Rxc5 37. Kf2 Kg7 38. Ke3 g5 39. Kd4 Kf6 40. Bf1 Ba4 41. Be2 Rb2 42. Bd1 Rd2+ 43. Rd3 Rxd3+ 44. Kxd3 Bc6 45. Kd4 a4 46. Ra1 Ra5 47. Ra3 e5+ 48. fxe6 fxe6 49. Bc2 h6 50. Rf3+ Ke7 51. Ra3 Kd7 52. Kc3 Kc7 53. Kd4 Kb6 54. Ra2 e5+ 55. Kc3 Kc5 56. Bb1 Ra8 57. Rf2 Rb8 58. Bc2 Rb4 59. Bd3 Rb3+ 60. Kc2 Kd4 61. Rd2 Ra3 62. Bf1+ Kc5 63. Kb2 Rb3+ 64. Kc2 Bxe4+ 65. Kd1 Rb1+ 66. Ke2 a3 67. Ke3 Rxf1 68. Kxe4 Rf4+ 69. Ke3 Rxc4 70. Rd3 Ra4 71. Rc3+ Kb4 72. Rc1 a2 73. Ra1 Kb3 0-1

[Event "Montreal Mercredi 10"]
[Site "Montreal CAN"]
[Date "2017.10.18"]
[Round "2"]
[White "Zumsteg, Nicolas"]
[Black "Chang, Alexander"]
[Result "1-0"]
[WhiteElo "1860"]
[BlackElo "1876"]
[WhiteFideId "-1"]
[WhiteFideId "-1"]
[PlyCount "101"]
[GameId "2160767908317540"]
[EventDate "2017.10.11"]
[EventType "swiss"]
[EventRounds "5"]
[EventCountry "CAN"]
[SourceTitle "EXT 2022"]
[Source "ChessBase"]
[SourceDate "2021.10.06"]
[SourceVersion "1"]
[SourceVersionDate "2021.10.06"]
[SourceQuality "1"]

1. e4 e5 2. Nf3 Nc6 3. Bc4 Bc5 4. c3 Nf6 5. d4 exd4 6. cxd4 Bb4+ 7. Nc3 Bxc3+ 8. bxc3 Nxe4 9. d5 Ne7 10. O-O O-O 11. Re1 Nd6 12. Bb3 h6 13. c4 b6 14. Bb2 a5 15. Qd3 Ng6 16. Ne5 Qg5 17. Bc2 f5 18. Nxg6 Qxg6 19. Re3 Rf7 20. Rg3 Qh7 21. Qd4 Ba6 22. c5 bxc5 23. Qxc5 Nc4 24. Bc3 d6 25. Qc6 Ra7 26. Qe8+ Rf8 27. Qe6+ Rf7 28. Rxg7+ Qxg7 29. Bxg7 Kxg7 30. Bxf5 Ne5 31. Bc2 Bc4 32. Bb3 Be2 33. Qh3 Ra8 34. Re1 Bd3 35. Rxe5 dxe5 36. Qxd3 Raf8 37. Qg3+ Kh8 38. Qxe5+ Kh7 39. Bc2+ Kg8 40. Qe6 Kg7 41. Qg6+ Kh8 42. Qxh6+ Kg8 43. Qe6 Kh8 44. f3 Rg7 45. Kf2 Rb8 46. Qe5 Kg8 47. Bb3 Kh8 48. g4 Ra8 49. a4 Rb8 50. Bc4 Rd8 51. h4 1-0

[Event "Montreal Mercredi 10"]
[Site "Montreal CAN"]
[Date "2017.10.25"]
[Round "3"]
[White "Baran, Marius"]
[Black "Gauthier, Luc"]
[Result "1-0"]
[WhiteElo "1757"]
[BlackElo "1682"]
[WhiteFideId "-1"]
[WhiteFideId "-1"]
[PlyCount "57"]
[GameId "2160767908317541"]
[EventDate "2017.10.11"]
[EventType "swiss"]
[EventRounds "5"]
[EventCountry "CAN"]
[SourceTitle "EXT 2022"]
[Source "ChessBase"]
[SourceDate "2021.10.06"]
[SourceVersion "1"]
[SourceVersionDate "2021.10.06"]
[SourceQuality "1"]

1. e4 Nf6 2. e5 Nd5 3. d4 d6 4. Bc4 Nb6 5. Bb3 Nc6 6. e6 fxe6 7. Nf3 g6 8. Ng5 d5 9. Qf3 Nxd4 10. Qf7+ Kd7 11. Be3 Nf5 12. Nxe6 Nd6 13. Nxd8 Nxf7 14. Nxf7 Rg8 15. c3 e6 16. Nd2 c5 17. Nf3 Ke8 18. N7e5 Nd7 19. Ba4 Rg7 20. Bh6 Re7 21. Bg5 Rg7 22. Bf6 Rg8 23. O-O Be7 24. Bxe7 Kxe7 25. Rfe1 Nf6 26. Rad1 a6 27. Bc2 Nd7 28. Nxd7 Bxd7 29. Rxd5 1-0

[Event "Montreal Mercredi 10"]
[Site "Montreal CAN"]
[Date "2017.10.25"]
[Round "3"]
[White "Chang, Alexander"]
[Black "Have, Didier"]
[Result "0-1"]
[WhiteElo "1876"]
[BlackElo "1981"]
[WhiteFideId "-1"]
[WhiteFideId "-1"]
[PlyCount "30"]
[GameId "2160767908317542"]
[EventDate "2017.10.11"]
[EventType "swiss"]
[EventRounds "5"]
[EventCountry "CAN"]
[SourceTitle "EXT 2022"]
[Source "ChessBase"]
[SourceDate "2021.10.06"]
[SourceVersion "1"]
[SourceVersionDate "2021.10.06"]
[SourceQuality "1"]

1. e4 d6 2. d4 Nf6 3. Bd3 e5 4. c3 d5 5. dxe5 Nxe4 6. Bxe4 dxe4 7. Qa4+ Bd7 8. Qxe4 Bc6 9. Qg4 h5 10. Qg3 Nd7 11. Bg5 Be7 12. Bxe7 Qxe7 13. Qxg7 O-O-O 14. Qg3 Rdg8 15. Qe3 Bxg2 0-1

[Event "Montreal Mercredi 10"]
[Site "Montreal CAN"]
[Date "2017.10.25"]
[Round "3"]
[White "Gates, Claude-Eric"]
[Black "Barko, Maxim"]
[Result "0-1"]
[WhiteElo "1821"]
[BlackElo "1842"]
[WhiteFideId "-1"]
[WhiteFideId "-1"]
[PlyCount "58"]
[GameId "2160767908317543"]
[EventDate "2017.10.11"]
[EventType "swiss"]
[EventRounds "5"]
[EventCountry "CAN"]
[SourceTitle "EXT 2022"]
[Source "ChessBase"]
[SourceDate "2021.10.06"]
[SourceVersion "1"]
[SourceVersionDate "2021.10.06"]
[SourceQuality "1"]

1. e4 e6 2. Nf3 d5 3. exd5 exd5 4. d4 Nc6 5. c3 Bd6 6. Bd3 Nge7 7. Bg5 Bg4 8. Nbd2 f6 9. Bh4 Qd7 10. Bg3 Nf5 11. Bxd6 Nxd6 12. Qe2+ Ne7 13. O-O O-O-O 14. a4 Ng6 15. Rfe1 Nf4 16. Qf1 Nxd3 17. Qxd3 Bf5 18. Qf1 Ne4 19. Nxe4 Bxe4 20. Nd2 Bc2 21. b3 Rhe8 22. Rxe8 Rxe8 23. Rc1 Qf5 24. Nf3 Bd3 25. Qd1 Re2 26. b4 g5 27. h3 h5 28. Ne1 Qxf2+ 29. Kh1 Be4 0-1

[Event "Montreal Mercredi 10"]
[Site "Montreal CAN"]
[Date "2017.10.25"]
[Round "3"]
[White "Jean, Robert"]
[Black "Millette, Sylvain"]
[Result "1-0"]
[WhiteElo "1751"]
[BlackElo "1772"]
[WhiteFideId "-1"]
[WhiteFideId "-1"]
[PlyCount "61"]
[GameId "2160767908317544"]
[EventDate "2017.10.11"]
[EventType "swiss"]
[EventRounds "5"]
[EventCountry "CAN"]
[SourceTitle "EXT 2022"]
[Source "ChessBase"]
[SourceDate "2021.10.06"]
[SourceVersion "1"]
[SourceVersionDate "2021.10.06"]
[SourceQuality "1"]

1. d4 Nf6 2. c4 g6 3. Nc3 d5 4. cxd5 Nxd5 5. e4 Nxc3 6. bxc3 c5 7. Be3 Bg7 8. Nf3 O-O 9. Be2 Nc6 10. O-O cxd4 11. cxd4 Bg4 12. Rb1 Bxf3 13. Bxf3 Nxd4 14. Rxb7 Nxf3+ 15. Qxf3 e6 16. Rd1 Qa5 17. g3 Rad8 18. Rxd8 Qxd8 19. Rxa7 f5 20. exf5 Rxf5 21. Qb7 Qd1+ 22. Kg2 Qd5+ 23. Qxd5 Rxd5 24. a4 Bd4 25. Ra8+ Kg7 26. Bxd4+ Rxd4 27. a5 Rd3 28. a6 Ra3 29. a7 h5 30. h4 Kf7 31. Rh8 1-0

[Event "Montreal Mercredi 10"]
[Site "Montreal CAN"]
[Date "2017.10.25"]
[Round "3"]
[White "Jia, Zhe"]
[Black "Brassard, Sylvain"]
[Result "1/2-1/2"]
[WhiteElo "1823"]
[BlackElo "1772"]
[WhiteFideId "-1"]
[WhiteFideId "-1"]
[PlyCount "105"]
[GameId "2160767908317545"]
[EventDate "2017.10.11"]
[EventType "swiss"]
[EventRounds "5"]
[EventCountry "CAN"]
[SourceTitle "EXT 2022"]
[Source "ChessBase"]
[SourceDate "2021.10.06"]
[SourceVersion "1"]
[SourceVersionDate "2021.10.06"]
[SourceQuality "1"]

1. Nf3 d5 2. d4 Nf6 3. c4 c6 4. Nc3 Bf5 5. Qb3 Qb6 6. c5 Qxb3 7. axb3 Nbd7 8. Bf4 a6 9. e3 h6 10. h3 g5 11. Bh2 Bg7 12. Ra4 O-O 13. Be2 Ne4 14. O-O f6 15. b4 e5 16. Rfa1 Rac8 17. Ra5 Bg6 18. Rd1 Rfe8 19. Bf1 f5 20. Raa1 Bf6 21. Ne1 exd4 22. exd4 Bd8 23. f3 Nef6 24. Bd3 Kf7 25. Bd6 Bc7 26. Bxc7 Rxc7 27. Nc2 Nf8 28. Re1 Rce7 29. Rxe7+ Rxe7 30. Kf2 Ne6 31. Ne2 f4 32. Bxg6+ Kxg6 33. Re1 Kf7 34. Nc1 Nd8 35. Rxe7+ Kxe7 36. Nd3 Nh5 37. Ne5 Ng7 38. g4 Nge6 39. Ke2 Nf7 40. Nxf7 Kxf7 41. Kd3 Nf8 42. Na1 Ke6 43. Nb3 Kd7 44. Ke2 Kc7 45. Nc1 Ne6 46. Kd3 b6 47. Kc3 Nd8 48. Nd3 Nf7 49. Kd2 b5 50. Kc3 Kd7 51. Kd2 Ke6 52. Ke2 Kf6 53. Kd2 1/2-1/2

[Event "Montreal Mercredi 10"]
[Site "Montreal CAN"]
[Date "2017.10.25"]
[Round "3"]
[White "Langlois-Remillard, Alexis"]
[Black "Zumsteg, Nicolas"]
[Result "1-0"]
[WhiteElo "1974"]
[BlackElo "1860"]
[WhiteFideId "-1"]
[WhiteFideId "-1"]
[PlyCount "141"]
[GameId "2160767908317546"]
[EventDate "2017.10.11"]
[EventType "swiss"]
[EventRounds "5"]
[EventCountry "CAN"]
[SourceTitle "EXT 2022"]
[Source "ChessBase"]
[SourceDate "2021.10.06"]
[SourceVersion "1"]
[SourceVersionDate "2021.10.06"]
[SourceQuality "1"]

1. b3 Nf6 2. Bb2 g6 3. Bxf6 exf6 4. c4 Bg7 5. Nc3 O-O 6. g3 f5 7. Bg2 Nc6 8. e3 d6 9. Nge2 Rb8 10. Rc1 Bd7 11. O-O Ne5 12. d4 Ng4 13. Qd2 Re8 14. b4 c6 15. d5 a5 16. a3 axb4 17. axb4 c5 18. bxc5 dxc5 19. Rb1 Ne5 20. Qa2 Ra8 21. Qb3 Ra7 22. Rfc1 Nd3 23. Rd1 Nb4 24. Nf4 Qa8 25. Nb5 Bxb5 26. cxb5 Ra3 27. Qc4 Rc3 28. Qe2 Rc2 29. Rd2 Qa2 30. Rbd1 b6 31. Rxc2 Qxc2 32. Qxc2 Nxc2 33. d6 Rd8 34. Nd5 Be5 35. d7 Na3 36. Ne7+ Kf8 37. Nc6 Bc7 38. Nxd8 Bxd8 39. Bc6 Ke7 40. Rc1 Kd6 41. Kf1 Bf6 42. Ke2 Ke7 43. Rd1 Nc4 44. f4 Na5 45. Bd5 Kxd7 46. Bxf7+ Ke7 47. Bg8 h6 48. Bh7 Nc4 49. Bxg6 Nd6 50. Rb1 Ke6 51. Kd3 c4+ 52. Kc2 Kd5 53. Rd1+ Kc5 54. h4 Be7 55. h5 Bf8 56. Bh7 Be7 57. Bg6 Bf8 58. Rxd6 Bxd6 59. Bxf5 Kxb5 60. e4 Kc5 61. e5 Be7 62. g4 Kd4 63. g5 hxg5 64. h6 Bf8 65. h7 Bg7 66. e6 gxf4 67. e7 f3 68. e8=Q Be5 69. h8=Q Bxh8 70. Qxh8+ Ke3 71. Qh1 1-0

[Event "Montreal Mercredi 10"]
[Site "Montreal CAN"]
[Date "2017.10.25"]
[Round "3"]
[White "Nesterov, Timour"]
[Black "Jacquet, Stephane"]
[Result "1/2-1/2"]
[WhiteElo "1893"]
[BlackElo "1987"]
[WhiteFideId "-1"]
[WhiteFideId "-1"]
[PlyCount "96"]
[GameId "2160767908317547"]
[EventDate "2017.10.11"]
[EventType "swiss"]
[EventRounds "5"]
[EventCountry "CAN"]
[SourceTitle "EXT 2022"]
[Source "ChessBase"]
[SourceDate "2021.10.06"]
[SourceVersion "1"]
[SourceVersionDate "2021.10.06"]
[SourceQuality "1"]

1. d4 d5 2. Bf4 Nf6 3. e3 g6 4. h3 Bg7 5. Nf3 O-O 6. c4 c5 7. Nc3 cxd4 8. exd4 Nc6 9. Be2 Qb6 10. cxd5 Nb4 11. Qb3 Bf5 12. Na4 Nc2+ 13. Qxc2 Qa5+ 14. Bd2 Bxc2 15. Bxa5 Bxa4 16. b3 Bd7 17. Ne5 b6 18. Nxd7 Nxd7 19. Bb4 Bxd4 20. Rc1 Rfc8 21. Kd2 Nc5 22. f3 Rd8 23. Bb5 Rac8 24. Rhd1 Rxd5 25. Ke2 e5 26. Rc2 a5 27. Ba3 Rcd8 28. Bc4 R5d7 29. Bxc5 bxc5 30. Rcd2 Kg7 31. g4 Rb7 32. a4 f5 33. gxf5 gxf5 34. Rg1+ Kf6 35. Rg2 Re8 36. Kf1 Ree7 37. Rg8 e4 38. Rf8+ Ke5 39. fxe4 fxe4 40. Rg2 Rg7 41. Rg8 Rxg2 42. Rxg2 Re7 43. Ke2 Kf4 44. Rg4+ Kf5 45. Rg8 Ra7 46. Rf8+ Kg5 47. Rf7 Rxf7 48. Bxf7 Kf5 1/2-1/2

[Event "Montreal Mercredi 10"]
[Site "Montreal CAN"]
[Date "2017.10.25"]
[Round "3"]
[White "O'Connor, Michael"]
[Black "Nardone, Raul"]
[Result "1/2-1/2"]
[WhiteElo "1802"]
[BlackElo "1794"]
[WhiteFideId "-1"]
[WhiteFideId "-1"]
[PlyCount "58"]
[GameId "2160767908317548"]
[EventDate "2017.10.11"]
[EventType "swiss"]
[EventRounds "5"]
[EventCountry "CAN"]
[SourceTitle "EXT 2022"]
[Source "ChessBase"]
[SourceDate "2021.10.06"]
[SourceVersion "1"]
[SourceVersionDate "2021.10.06"]
[SourceQuality "1"]

1. Nf3 d5 2. d4 c6 3. c4 e6 4. Nc3 f5 5. Qc2 Be7 6. Bf4 Nf6 7. e3 O-O 8. Nd2 Ne4 9. f3 Nxc3 10. Qxc3 a5 11. a3 Kh8 12. Bd3 Bh4+ 13. Bg3 Bg5 14. Bxb8 Rxb8 15. f4 Bf6 16. Nf3 c5 17. Ne5 Bxe5 18. fxe5 b5 19. cxb5 c4 20. Bc2 Rxb5 21. O-O Rb8 22. Rf2 Qb6 23. Rb1 Bd7 24. b3 cxb3 25. Rxb3 Qa7 26. Rxb8 Rxb8 27. Bd3 Rc8 28. Qb3 Rb8 29. Qc3 Rc8 1/2-1/2

[Event "Montreal Mercredi 10"]
[Site "Montreal CAN"]
[Date "2017.10.25"]
[Round "3"]
[White "O'Neill, Brendon"]
[Black "Charette, Nicolas"]
[Result "1-0"]
[WhiteElo "1698"]
[BlackElo "1683"]
[WhiteFideId "-1"]
[WhiteFideId "-1"]
[PlyCount "109"]
[GameId "2160767908317549"]
[EventDate "2017.10.11"]
[EventType "swiss"]
[EventRounds "5"]
[EventCountry "CAN"]
[SourceTitle "EXT 2022"]
[Source "ChessBase"]
[SourceDate "2021.10.06"]
[SourceVersion "1"]
[SourceVersionDate "2021.10.06"]
[SourceQuality "1"]

1. e4 e5 2. Nf3 Nf6 3. Nc3 d6 4. d4 exd4 5. Nxd4 Nc6 6. Bb5 Bd7 7. Bg5 Be7 8. O-O O-O 9. Re1 Nxd4 10. Qxd4 Bxb5 11. Nxb5 a6 12. Nc3 Nd7 13. Bxe7 Qxe7 14. Nd5 Qd8 15. Re3 c6 16. Rg3 Ne5 17. Ne3 Ng6 18. Nf5 f6 19. Nxd6 Qc7 20. Nf5 Kh8 21. h4 Rf7 22. Qc4 Nf4 23. Re1 Rd8 24. Rge3 b5 25. Qc5 Ne6 26. Qc3 c5 27. e5 Nd4 28. e6 Nxf5 29. exf7 Nxe3 30. Qxe3 Qxf7 31. Qxc5 Qxa2 32. Qc6 Rg8 33. b3 b4 34. Re7 h6 35. Ra7 Qa1+ 36. Kh2 Qe5+ 37. g3 Qd4 38. Rxa6 Qxf2+ 39. Qg2 Qf5 40. Rc6 Re8 41. Rc4 Qh5 42. Re4 Rb8 43. Qd2 Qb5 44. Rc4 Qb7 45. Qf4 Re8 46. Rxb4 Re2+ 47. Kh3 Qc8+ 48. Qg4 Qxc2 49. Qf3 Rh2+ 50. Kg4 h5+ 51. Kxh5 Qc5+ 52. Kg6 Qc2+ 53. Re4 Rd2 54. Qh5+ Kg8 55. Qh7+ 1-0

[Event "Montreal Mercredi 10"]
[Site "Montreal CAN"]
[Date "2017.10.25"]
[Round "3"]
[White "Pomerantz, Daniel"]
[Black "Zheng, Richard"]
[Result "1-0"]
[WhiteElo "2056"]
[BlackElo "2115"]
[WhiteFideId "-1"]
[WhiteFideId "-1"]
[PlyCount "99"]
[GameId "2160767908317550"]
[EventDate "2017.10.11"]
[EventType "swiss"]
[EventRounds "5"]
[EventCountry "CAN"]
[SourceTitle "EXT 2022"]
[Source "ChessBase"]
[SourceDate "2021.10.06"]
[SourceVersion "1"]
[SourceVersionDate "2021.10.06"]
[SourceQuality "1"]

1. e4 e5 2. Nf3 Nc6 3. Bb5 f5 4. Nc3 fxe4 5. Nxe4 Nf6 6. Qe2 d5 7. Nxf6+ gxf6 8. d4 e4 9. Nh4 Be6 10. Bf4 Bd6 11. Qh5+ Bf7 12. Qf5 Ke7 13. Bxc6 Be6 14. Bxd6+ Qxd6 15. Bxd5 Bxd5 16. O-O-O Qe6 17. Qf4 Kd7 18. Rhe1 Rae8 19. b3 b5 20. Re3 Rhf8 21. Rc3 c6 22. Nf5 Rg8 23. Rh3 h5 24. Rxh5 Qf7 25. Qh4 Qg6 26. Rh7+ Kd8 27. Ne3 Re7 28. Rxe7 Kxe7 29. Qf4 Rd8 30. h4 Rd7 31. g3 Be6 32. Kb2 a5 33. Ng2 c5 34. Qe3 Qg4 35. Rd2 c4 36. d5 b4 37. bxc4 Bf7 38. Nf4 Qf5 39. Rd4 a4 40. Rxe4+ Kd8 41. Qb6+ Kc8 42. Qa6+ Kb8 43. f3 Ra7 44. Qd6+ Rc7 45. Ne6 Bxe6 46. Rxe6 a3+ 47. Kb1 Qxf3 48. Qb6+ Kc8 49. Re8+ Kd7 50. Qe6# 1-0

[Event "Montreal Mercredi 10"]
[Site "Montreal CAN"]
[Date "2017.10.25"]
[Round "3"]
[White "Saha, Ananda"]
[Black "Lopez Linares, Lizandro"]
[Result "1-0"]
[WhiteElo "2133"]
[BlackElo "2209"]
[WhiteFideId "-1"]
[WhiteFideId "-1"]
[PlyCount "91"]
[GameId "2160767908317551"]
[EventDate "2017.10.11"]
[EventType "swiss"]
[EventRounds "5"]
[EventCountry "CAN"]
[SourceTitle "EXT 2022"]
[Source "ChessBase"]
[SourceDate "2021.10.06"]
[SourceVersion "1"]
[SourceVersionDate "2021.10.06"]
[SourceQuality "1"]

1. Nf3 d5 2. g3 Nf6 3. Bg2 Bf5 4. c4 c6 5. b3 h6 6. O-O e6 7. d3 Nbd7 8. Bb2 a5 9. Nbd2 a4 10. Re1 Bh7 11. Qc2 Qa5 12. Bc3 Bb4 13. Bxb4 Qxb4 14. a3 Qe7 15. b4 O-O 16. e4 dxe4 17. dxe4 c5 18. Qc3 e5 19. b5 Rfe8 20. Bh3 Nb6 21. Nh4 Qc7 22. f3 Rad8 23. Nf1 Rd4 24. Ne3 Red8 25. Bf1 g6 26. Nhg2 Kg7 27. Nc2 Nfd7 28. Nge3 Qd6 29. Nd5 Nxd5 30. cxd5 g5 31. Bg2 f6 32. Rf1 f5 33. Nxd4 exd4 34. Qa5 Re8 35. exf5 Bxf5 36. f4 g4 37. Rae1 Rf8 38. Qd2 Qb6 39. Re7+ Kg8 40. Qe2 d3 41. Qe3 Nf6 42. Kh1 Qxb5 43. d6 b6 44. Qe5 Bd7 45. Bd5+ Kh8 46. Bf7 1-0

[Event "Montreal Mercredi 10"]
[Site "Montreal CAN"]
[Date "2017.11.01"]
[Round "4"]
[White "Baran, Marius"]
[Black "Jean, Robert"]
[Result "1/2-1/2"]
[WhiteElo "1757"]
[BlackElo "1751"]
[WhiteFideId "-1"]
[WhiteFideId "-1"]
[PlyCount "78"]
[GameId "2160767908317553"]
[EventDate "2017.10.11"]
[EventType "swiss"]
[EventRounds "5"]
[EventCountry "CAN"]
[SourceTitle "EXT 2022"]
[Source "ChessBase"]
[SourceDate "2021.10.06"]
[SourceVersion "1"]
[SourceVersionDate "2021.10.06"]
[SourceQuality "1"]

1. e4 c5 2. Nf3 Nc6 3. d4 cxd4 4. Nxd4 Nf6 5. Nc3 d6 6. Bc4 Qb6 7. Nde2 a6 8. Be3 Qa5 9. O-O e6 10. a3 b5 11. b4 Qc7 12. Bb3 Bb7 13. f4 Be7 14. f5 e5 15. h3 O-O 16. Qd3 Rad8 17. Rad1 Nb8 18. Nd5 Bxd5 19. Bxd5 Rc8 20. Rc1 Nbd7 21. c4 Nxd5 22. cxd5 Qb8 23. Rxc8 Rxc8 24. Rc1 Rxc1+ 25. Nxc1 Nf6 26. Qc2 h6 27. Kf2 Bd8 28. Nb3 Qc7 29. Qxc7 Bxc7 30. Kf3 Kf8 31. g4 Nd7 32. h4 Bb6 33. g5 Bxe3 34. Kxe3 hxg5 35. hxg5 Nb6 36. Na5 Ke8 37. Kd3 Kd7 38. Kc3 Na4+ 39. Kb3 Nb6 1/2-1/2